| 000 | 00000nam 2200000zi 4500 |
| 001 | 9.900856 |
| 003 | CaOODSP |
| 005 | 20221107175524 |
| 006 | m o d f |
| 007 | cr cn||||||||| |
| 008 | 210616t20212021oncao o f000 0 fre d |
| 020 | |a9780660392783 |
| 040 | |aCaOODSP|bfre|erda|cCaOODSP |
| 043 | |an-cn--- |
| 086 | 1 |aCi1-11/2021F-EPUB |
| 245 | 00|aDécouvrir le Canada : |bles droits et responsabilités liés à la citoyenneté. |
| 246 | 13|aGuide d'étude : |bdécouvrir le Canada : les droits et responsabilités liés à la citoyenneté |
| 264 | 1|a[Ottawa] : |bImmigration, réfugiés et citoyenneté Canada = Immigration, Refugees and Citizenship Canada, |c[2021] |
| 264 | 4|c©2021 |
| 300 | |a1 ressource en ligne (67 pages non numérotées) : |billustrations, photographies |
| 336 | |atexte|btxt|2rdacontent/fre |
| 337 | |ainformatique|bc|2rdamedia/fre |
| 338 | |aressource en ligne|bcr|2rdacarrier/fre |
| 500 | |aTitre de la couverture. |
| 500 | |aEn tête du titre : Guide d'étude. |
| 500 | |aPublié aussi en anglais sous le titre : Discover Canada: the rights and responsibilities of citizenship. |
| 520 | |a« Au Canada, nous jurons notre fidélité à une personne humaine qui nous représente tous, plutôt que de nous engager à servir un document, une oriflamme ou un territoire. Dans notre monarchie constitutionnelle, la souveraine (reine ou roi) symbolise à la fois notre Constitution, notre drapeau et notre pays. C'est un principe d'une remarquable simplicité, mais également d'une grande signification : la souveraine personnifie le Canada tout comme le Canada personnifie la souveraine » -- Comprendre le serment, page [2]. |
| 530 | |aPublié aussi en grand format PDF. |
| 650 | 6|aNaturalisation|zCanada|xExamens|vGuides de l'eĢtudiant. |
| 650 | 6|aCitoyenneté|zCanada|xExamens|vGuides de l'étudiant. |
| 651 | 6|aCanada|xCivilisation|xÉtude et enseignement. |
| 655 | 7|aGuides de l'étudiant|2rvmgf |
| 710 | 1 |aCanada. |bImmigration, réfugiés et citoyenneté Canada, |eorganisme de publication. |
| 775 | 08|tDiscover Canada : |w(CaOODSP)9.900853 |
| 776 | 0#|tDécouvrir le Canada : |w(CaOODSP)9.900855 |
| 776 | 0#|tDécouvrir le Canada : |w(CaOODSP)9.900854 |
| 856 | 40|qEPUB|s3.96 Mo|uhttps://publications.gc.ca/collections/collection_2021/ircc/Ci1-11-2021-fra.epub |